000
00327 a2200157 4500
001
181543
020
_a
978-85-394-0229-8
040
_c
Magnum
240
1
0
_a
Lobisomem aaauuuu!
_l
por
245
1
0
_a
Lobisomem aaauuuu!
300
_a
16
362
0
_a
2010
440
1
_a
Girassol
697
_a
LITERATURA INFANTO
942
_c
BK
999
_c
181543
_d
181543